Five Famous People by First Name #4 - Statistics

General Stats
  • This quiz has been taken 296 times
  • The average score is 15 of 30
Answer Stats
Clue Person % Correct
Succeeded V. I. Lenin Joseph Stalin
94%
"Baby" singer Justin Bieber
90%
Canadian prime minister Justin Trudeau
88%
She was Rachel Green Jennifer Aniston
85%
Married Ben Affleck in 2022 Jennifer Lopez
84%
Nipplegate performer Justin Timberlake
77%
Train robber who was shot in the back Jesse James
75%
4x 1936 Olympic gold medalist Jesse Owens
75%
Eric's sister and Emma's aunt Julia Roberts
74%
Won an Oscar for "Silver Linings Playbook" Jennifer Lawrence
71%
Dictator who married to Evita Juan Péron
67%
Chief Nazi propagandist Joseph Goebbels
65%
Mormon church founder Joseph Smith
60%
Divorced Ben Affleck in 2018 Jennifer Garner
59%
Portrayed Mark Zuckerberg Jesse Eisenberg
54%
King of Spain, 1975-2014 Juan Carlos I
54%
"Seinfeld" actress Julia Louis-Dreyfus
54%
"Dreamgirls" star Jennifer Hudson
47%
Popularised French cuisineto the American public Julia Child
47%
"Heart of Darkness" author Joseph Conrad
41%
Minnesota's wrestling governor Jesse Ventura
37%
Walter White's partner in crime Jesse Pinkman
36%
British surgeon who pioneered sterile technique Joseph Lister
24%
Tigers pitcher and2011 American League MVP Justin Verlander
20%
Australian prime minister Julia Gillard
19%
Argentine tennis champion Juan Martín del Potro
14%
Led the first Europeanexpedition to Florida Juan Ponce de León
14%
2x PGA Champion Justin Thomas
13%
Nicolás Maduro's opponent Juan Guaidó
4%
Third-richest American woman Julia Koch
3%
No matching quizzes found
Score Distribution
Percent of People with Each Score
Percentile by Number Answered
Your Score History
You have not taken this quiz